| 000 | 01905cam a22004458a 4500 | ||
|---|---|---|---|
| 001 | 16064485 | ||
| 005 | 20100129151740.0 | ||
| 008 | 100120s2010 enk b 001 0 eng | ||
| 010 | _a 2010002401 | ||
| 020 | _a0273724282 | ||
| 020 | _a9780273724285 (pbk.) | ||
| 035 | _a(DNLM)101523146 | ||
| 040 |
_aDNLM/DLC _cDLC |
||
| 042 | _apcc | ||
| 043 | _ae-uk--- | ||
| 050 | 0 | 0 |
_aRT55 _b.B56 2010 |
| 060 | 1 | 0 |
_aWY 18 _bB6555h 2010 |
| 082 | 0 | 0 |
_a618.202310076 _222 _bBLO |
| 100 | 1 |
_aBloomfield, Jacqueline. _920330 |
|
| 245 | 1 | 0 |
_aHow to Pass your OSCE : _bA Guide to Success in Nursing and Midwifery / _cJacqueline Bloomfield, Anne Pegram, Carys Jones. |
| 260 |
_aHarlow, England : _bPearson, _c2010. |
||
| 263 | _a1003 | ||
| 300 |
_a118 p. ; _c22 cm. |
||
| 504 | _aIncludes bibliographical references and index. | ||
| 505 | 0 | _aWhat is an OSCE? -- Essential principles underpinning OSCEs -- Personal learning and preparation for the OSCE -- Preparation for the OSCE -- The OSCE experience. | |
| 541 | _aDR. Chahrazad ; | ||
| 650 | 0 |
_aNursing _zGreat Britain _xExaminations _vStudy guides. _920331 |
|
| 650 | 0 |
_aMidwifery _zGreat Britain _xExaminations _vStudy guides. _920332 |
|
| 650 | 1 | 2 |
_aEducation, Nursing. _920333 |
| 650 | 2 | 2 |
_aAchievement. _920334 |
| 650 | 2 | 2 |
_aClinical Competence. _920335 |
| 650 | 2 | 2 |
_aLearning. _920336 |
| 650 | 2 | 2 |
_aMidwifery _xeducation. _920337 |
| 700 | 1 |
_aPegram, Anne. _920338 |
|
| 700 | 1 |
_aJones, Carys. _920339 |
|
| 942 |
_2ddc _cNRB |
||
| 999 |
_c14759 _d14759 |
||